Teams from Storm Chasers - Statistics

General Stats
  • This quiz has been taken 15 times
  • The average score is 6 of 10
Answer Stats
Team TIV, Team Dominator, Team Twistex % Correct
Reed Timmer
92%
Tim Samaras
92%
Sean Casey
83%
Carl Young
67%
Joel Taylor
58%
Brandon Ivey
42%
Matt Grzych
42%
Chris Chittick
25%
Marcus Gutierrez
25%
Tony Laubach
25%
No matching quizzes found
Score Distribution
Percent of People with Each Score
Percentile by Number Answered
Your Score History
You have not taken this quiz